Statistics for All Formula 1 race starters 1990–99

Click here to take the quiz!

General Stats

  • This quiz has been taken 190 times
  • The average score is 46 of 96

Answer Stats

Year(s) activeDriverNo. of racesTeam(s)Nationality% Correct
1984–94Ayrton Senna67McLaren, WilliamsBrazil
96%
1980–91, 1993Alain Prost46Ferrari, WilliamsFrance
94%
1991–2001Mika Häkkinen128Lotus, McLarenFinland
94%
1992–99Damon Hill115Brabham, Williams, Arrows, JordanUnited Kingdom
93%
1991–2006, 2010–12Michael Schumacher126Jordan, Benetton, FerrariGerman
93%
1980–92, 1994–95Nigel Mansell54Ferrari, Williams, McLarenUnited Kingdom
93%
1993–2011Rubens Barrichello113Jordan, StewartBrazil
92%
1994–2008David Coulthard90Williams, McLarenUnited Kingdom
90%
1984–97Gerhard Berger127McLaren, Ferrari, BenettonAustria
90%
1989–2001Jean Alesi159Tyrrell, Ferrari, Benetton, SauberFrance
90%
1996–2006Jacques Villeneuve65Williams, BARCanada
89%
1997–2007Ralf Schumacher49Jordan, WilliamsGermany
89%
1994–98, 2000–01, 2003Jos Verstappen56Benetton, Simtek, Footwork, Tyrrell, StewartNetherlands
88%
1993–2002Eddie Irvine96Jordan, FerrariUnited Kingdom
87%
1994–2003Heinz-Harald Frentzen97Sauber, Williams, JordanGermany
86%
1989–2000Johnny Herbert138Lotus, Ligier, Benetton, Sauber, StewartUnited Kingdom
84%
1996–2009Giancarlo Fisichella57Minardi, Jordan, BenettonItaly
83%
1997–2011Jarno Trulli44Minardi, ProstItaly
80%
1994–2000, 2002Mika Salo76Lotus, Tyrrell, Arrows, BAR, FerrariFinland
80%
1978–91Nelson Piquet32BenettonBrazil
79%
1994–99, 2001–04Olivier Panis90Ligier, ProstFrance
79%
1977–93Riccardo Patrese64Williams, BenettonItaly
75%
1983–93Thierry Boutsen58Williams, Ligier, JordanBelgium
71%
1984–89, 1991–96Martin Brundle89Brabham, Benetton, Ligier, McLaren, JordanUnited Kingdom
70%
1997–2000, 2005, 2007Alexander Wurz35BenettonAustria
67%
1989–94JJ Lehto62Onyx, Scuderia Italia, Sauber, BenettonFinland
67%
1995, 1997–98Jan Magnussen24McLaren, StewartDenmark
64%
1993, 1995–96, 1999, 2009Luca Badoer48Scuderia Italia, Minardi, FortiItaly
64%
1993Michael Andretti13McLarenUnited States
64%
1992–97Ukyo Katayama95Larrousse, Tyrrell, MinardiJapan
64%
1991, 1993–95Mark Blundell61Brabham, Ligier, Tyrrell, McLarenUnited Kingdom
62%
1980–94Andrea de Cesaris73Scuderia Italia, Jordan, Tyrrell, SauberItaly
60%
1995–2000Pedro Diniz82Forti, Ligier, Arrows, SauberBrazil
60%
1999–2002, 2005–06, 2010–12Pedro de la Rosa16ArrowsSpain
59%
1987–91Satoru Nakajima31TyrrellJapan
59%
1981–94Michele Alboreto63Footwork, Scuderia Italia, MinardiItaly
58%
1999–2001, 2003–05Ricardo Zonta12BARBrazil
53%
1986–90Alessandro Nannini14BenettonItaly
50%
1991–94, 1999Alessandro Zanardi41Jordan, Minardi, Lotus, WilliamsItaly
50%
1994Roland Ratzenberger1SimtekAustria
49%
1990–92, 1994–95, 1997Gianni Morbidelli67Scuderia Italia, Minardi, Ferrari, Footwork, SauberItaly
48%
1984–85, 1988–95Pierluigi Martini80Minardi, Scuderia ItaliaItaly
48%
1999–2000, 2003–04Marc Gené16MinardiSpain
47%
1987–92, 1994, 1997Nicola Larini30Ligier, Modena, Ferrari, SauberItaly
47%
1982, 1987, 1989–92, 1995Roberto Moreno36EuroBrun, Benetton, Jordan, Minardi, Andrea Moda, FortiBrazil
47%
1992–94Christian Fittipaldi40Minardi, FootworkBrazil
46%
1990, 1994David Brabham24Brabham, SimtekAustralia
46%
1985–93Ivan Capelli46March, Leyton House, Ferrari, JordanItaly
44%
1991–95Karl Wendlinger41Leyton House, March, SauberAustria
44%
1993–96Pedro Lamy32Lotus, MinardiPortugal
44%
1989–92, 1994–95Bertrand Gachot42Coloni, Jordan, Larrousse, PacificBelgium, France
41%
1997–98Shinji Nakano33Prost, MinardiJapan
39%
1998–99Toranosuke Takagi32Tyrrell, ArrowsJapan
38%
1981–90, 1993Derek Warwick32Lotus, FootworkUnited Kingdom
36%
1991–94Érik Comas59Ligier, LarrousseFrance
36%
1980, 1983–91Stefan Johansson1FootworkSweden
36%
1987–92Stefano Modena44Brabham, Tyrrell, JordanItaly
36%
1994–95Taki Inoue18Simtek, FootworkJapan
36%
1998Esteban Tuero16MinardiArgentina
35%
1988–92Maurício Gugelmin43Leyton House, JordanBrazil
34%
1996–98Ricardo Rosset26Footwork, TyrrellBrazil
34%
1984–90, 1993–94Philippe Alliot30Ligier, Larrousse, McLarenFrance
33%
1999Stéphane Sarrazin1MinardiFrance
32%
1996–97, 2001Tarso Marques11MinardiBrazil
32%
1997Norberto Fontana4SauberArgentina
31%
1989–91, 1994Éric Bernard43Larrousse, Ligier, LotusFrance
30%
1988–95Aguri Suzuki63Larrousse, Footwork, Jordan, LigierJapan
27%
1994–96Andrea Montermini20Pacific, FortiItaly
25%
1987–92, 1995Gabriele Tarquini23AGS, Fondmetal, TyrrellItaly
22%
1979˜–82, 1992Jan Lammers2MarchNetherlands
22%
1994Olivier Beretta10LarrousseMonaco
22%
1994–95Jean-Denis Delétraz3Larrousse, PacificSwitzerland
21%
1995Jean-Christophe Boullion11SauberFrance
20%
1989–90Martin Donnelly12LotusUnited Kingdom
20%
1986–91Alex Caffi13FootworkItaly
19%
1992, 1994Paul Belmondo7March, PacificFrance
19%
1993Marco Apicella1JordanItaly
18%
1993Toshio Suzuki2LarrousseJapan
18%
1988, 1991Julian Bailey1LotusUnited Kingdom
17%
1989–92Olivier Grouillard28Osella, Fondmetal, AGS, TyrrellFrance
17%
1994Philippe Adams2LotusBelgium
17%
1989–91Emanuele Pirro27Scuderia ItaliaItaly
16%
1991–92Eric van de Poele5Modena, Brabham, FondmetalBelgium
16%
1989–90Gregor Foitek7Brabham, OnyxSwitzerland
16%
1995Max Papis7FootworkItaly
16%
1987–90, 1994Yannick Dalmas6AGS, LarrousseFrance
16%
1988–90Bernd Schneider1ArrowsGermany
15%
1992–93Emanuele Naspetti6March, JordanItaly
15%
1994Hideki Noda3LarrousseJapan
15%
1994–95Domenico Schiattarella6SimtekItaly
14%
1995–96Giovanni Lavaggi7Pacific, MinardiItaly
14%
1991, 1993Fabrizio Barbazza8MinardiItaly
13%
1994Franck Lagorce2LigierFrance
13%
1993–94Jean-Marc Gounon9Minardi, SimtekFrance
13%
1989–90Paolo Barilla8MinardiItaly
13%
1992Andrea Chiesa3FondmetalSwitzerland
11%

Score Distribution

Percentile by Number Answered

Percent of People with Each Score

Your Score History

You have not taken this quiz